cuLtUrE GénErALe #2 - Statistiques

Statistiques générales
  • Ce quiz a été pris 60 fois
  • Le résultat moyen est 9 sur 20
Statistiques - réponses
Question Réponse % Correct
Quel roi de France, surnommé Saint Louis, a régné de 1226 à 1270 ? Louis IX
83%
Quel personnage de BD, de dessin animé et de film, est un animal jaune tâché de noir qui dispose d'une queue préhensile ? Marsupilami
78%
Quel maréchal français rencontra Adolf Hitler à Montoire le 24 octobre 1940 ? Philippe Pétain
76%
Quel est le pays à majorité musulmane le plus peuplé du monde ? Indonésie
70%
Quelle est la seule ville avec laquelle Paris est jumelée ? Rome
69%
Dans la Bible, Caïn tue son propre frère. Comment s'appelle ce dernier ? Abel
65%
Quel insecte originaire d'Asie du Sud-Est, particulièrement invasif et présent en France depuis 2004, peut transmettre des pathologies comme la dengue à l'humain ? Moustique tigre
61%
Quel film états-unien de 2000 raconte la vie d'un businessman qui commet des meurtres pendant son temps libre ? American Psycho
50%
Quel film comique de 2001 marque la première apparition à l'écran d'Eric et Ramzy en tant que personnages principaux ? La Tour Montparnasse infernale
48%
Quel opus de la saga de jeux-vidéos GTA, sorti en 2004, déroule le retour de CJ dans sa ville natale ? GTA : San Andreas
44%
Quel peintre néerlandais a peint "La Laitière" ? Johannes Vermeer
44%
De quel territoire est originaire le chanteur Bad Bunny ? Porto Rico
43%
Quel sous-genre du rap, caractérisé par des paroles crues, des rythmes très rapides, s'est popularisé à Chicago puis à Londres depuis les années 2010 ? Drill
39%
De quel célèbre autre cycliste le cycliste Mathieu van der Poel est-il le petit fils ? Raymond Poulidor
37%
Quelle entreprise de logements de vacances a porté comme slogan "la plus belle idée depuis l’invention du bonheur", en référence aux activités et à la détente qu'il promettait d'offrir à ses clients ? Club Med
33%
De quel pays est originaire la plateforme de vente de seconde main Vinted ? Lituanie
30%
Quel est le seul département français à ne pas disposer d'une gare ferroviaire ? Ardèche
24%
Dans quel département français vivent les séquano-dionysiens et les séquano-dionysiennes ? Seine-Saint-Denis
20%
Quel basketteur allemand a porté les Dallas Mavericks jusqu'au titre NBA en 2011 ? Dirk Nowitzki
11%
Quelle espèce d'oiseau comporte une race nommée "... de Rouen" ? Canard
7%
Aucun quiz correspondant
Distribution des résultats
% des personnes avec chaque résultat
Percentile par nombre de réponses
Votre historique - résultats
Vous n’avez pas pris ce quiz